Winning in emerging markets : (Record no. 19733)
[ view plain ]
| 000 -LEADER | |
|---|---|
| fixed length control field | 01397cam a22003135a 4500 |
| 001 - CONTROL NUMBER | |
| control field | 15911790 |
| 005 - DATE AND TIME OF LATEST TRANSACTION | |
| control field | 20201128021311.0 |
| 008 - FIXED-LENGTH DATA ELEMENTS--GENERAL INFORMATION | |
| fixed length control field | 090918t2010 maua frb 001 0 eng d |
| 020 ## - INTERNATIONAL STANDARD BOOK NUMBER | |
| International Standard Book Number | 9781422166956 (alk. paper) |
| 040 ## - CATALOGING SOURCE | |
| Original cataloging agency | DLC |
| Transcribing agency | DLC |
| Modifying agency | DLC |
| -- | EG-ScBUE |
| Language of cataloging | eng |
| 050 00 - LIBRARY OF CONGRESS CALL NUMBER | |
| Classification number | HF1008 |
| Item number | .K46 2010 |
| 082 04 - DEWEY DECIMAL CLASSIFICATION NUMBER | |
| Classification number | 658.4012091724 |
| Edition number | 22 |
| Item number | KHA |
| 100 1# - MAIN ENTRY--PERSONAL NAME | |
| Personal name | Khanna, Tarun. |
| 9 (RLIN) | 38473 |
| 245 10 - TITLE STATEMENT | |
| Title | Winning in emerging markets : |
| Remainder of title | a road map for strategy and execution / |
| Statement of responsibility, etc | Krishna G. Palepu, Tarun Khanna with Richard J. Bullock. |
| 260 ## - PUBLICATION, DISTRIBUTION, ETC. (IMPRINT) | |
| Place of publication, distribution, etc | Boston : |
| Name of publisher, distributor, etc | Harvard Business Press, |
| Date of publication, distribution, etc | c.2010. |
| 300 ## - PHYSICAL DESCRIPTION | |
| Extent | xii, 247 p. : |
| Other physical details | ill. ; |
| Dimensions | 24 cm. |
| 500 ## - GENERAL NOTE | |
| General note | Index : p. 231-246.<br/> |
| 504 ## - BIBLIOGRAPHY, ETC. NOTE | |
| Bibliography, etc | Bibliography : p. 217-230. |
| 505 0# - FORMATTED CONTENTS NOTE | |
| Formatted contents note | Introduction -- The nature of institutional voids in emerging markets -- Spotting and responding to institutional voids -- Exploiting institutional voids as business opportunities -- Multinationals in emerging markets -- Emerging giants : competing at home -- Emerging giants : going global -- The emerging arena. |
| 650 #0 - SUBJECT ADDED ENTRY--TOPICAL TERM | |
| Topical term or geographic name as entry element | Commerce. |
| Source of heading or term | BUEsh |
| 650 #7 - SUBJECT ADDED ENTRY--TOPICAL TERM | |
| Topical term or geographic name as entry element | International business enterprises. |
| Source of heading or term | BUEsh |
| 9 (RLIN) | 1592 |
| 650 #7 - SUBJECT ADDED ENTRY--TOPICAL TERM | |
| Topical term or geographic name as entry element | Globalization |
| General subdivision | Economic aspects. |
| Source of heading or term | BUEsh |
| 9 (RLIN) | 3901 |
| 650 #7 - SUBJECT ADDED ENTRY--TOPICAL TERM | |
| Topical term or geographic name as entry element | Marketing |
| General subdivision | Management. |
| Source of heading or term | BUEsh |
| 9 (RLIN) | 3301 |
| 651 ## - SUBJECT ADDED ENTRY--GEOGRAPHIC NAME | |
| Source of heading or term | BUEsh |
| 653 ## - INDEX TERM--UNCONTROLLED | |
| Resource For college | BAEPS, Economics |
| Arrived date list | June2015 |
| -- | October2015 |
| 700 1# - ADDED ENTRY--PERSONAL NAME | |
| Personal name | Palepu, Krishna G., |
| Dates associated with a name | 1954- |
| 700 1# - ADDED ENTRY--PERSONAL NAME | |
| Personal name | Bullock, Richard J. |
| 942 ## - ADDED ENTRY ELEMENTS (KOHA) | |
| Source of classification or shelving scheme | Dewey Decimal Classification |
| Withdrawn status | Lost status | Source of classification or shelving scheme | Damaged status | Not for loan | Koha collection | Home library | Current library | Shelving location | Date acquired | Source of acquisition | Cost, normal purchase price | Serial Enumeration / chronology | Total Checkouts | Full call number | Barcode | Date last seen | Cost, replacement price | Koha item type |
|---|---|---|---|---|---|---|---|---|---|---|---|---|---|---|---|---|---|---|
| Dewey Decimal Classification | Alahram | Central Library | Central Library | First floor | 17/06/2015 | Purchase | 221.00 | 317 | 658.4012091724 KHA | 000038656 | 15/07/2025 | 276.25 | Book - Borrowing |